Biblioteca

Los ojos del burgues : Un año en la unión soviética / Pedro Gómez Valderrama (Registro nro. 40480)

Detalles MARC
000 -LÍDER
Campo fijo de descripción fija 003580000a22001330004500
041 0# - CÓDIGO DE IDIOMA
Código de idioma para texto/pista de sonido o título separado
082 04 - NÚMERO DE CLASIFICACIÓN DECIMAL DEWEY
Número de clasificación G 863 G569b
001 - NÚMERO DE CONTROL
Campo de control 11111
100 1# - ASIENTO PRINCIPAL--NOMBRE PERSONAL
Nombre personal Gómez Valderrama, Pedro (1923-)
245 10 - TÍTULO
Título del Material Los ojos del burgues : Un año en la unión soviética / Pedro Gómez Valderrama
260 ## - PUBLICACIÓN, DISTRIBUCIÓN, ETC. (PIE DE IMPRENTA)
Lugar de publicación, distribución, etc. Bogotá, Colombia : Oveja Negra
300 ## - DESCRIPCIÓN FÍSICA
Extensión 224 Pag
942 ## - TIPO DE MATERIAL (KOHA)
Tipo de Item KOHA Libros General
Existencias
Estado de Material Estado de Perdido Estado de Dañado No para Préstamo Colección Tomo Biblioteca de Origen Biblioteca Permanente Fecha de Adquisición Total de Préstamos Signatura Topográfica Código de Barras Última vez visto Ejemplar/Existencia Fecha de Remplazo Tipo de Material
        Colección General   Biblioteca FUSBC Biblioteca FUSBC 26/01/2005   G 863 G569b 10354 12/12/2019 1 26/01/2016 Libros General

Biblioteca FUSBC | Teléfono: (57+4) 349 88 10 Ext. 141| WhatsApp (+57) 3005338115 
E-mail: biblioteca@unisbc.edu.co | Calle 76 87-14 Robledo Palenque, Medellín, Colombia

Con tecnología Koha